[Event "Titled Tuesday intern op 16th Apr Early"]
[Site "Chess.com INT"]
[Date "2024.04.16"]
[Round "3"]
[White "Andreikin, Dmitry"]
[Black "Hulka, Valentyn"]
[Result "1-0"]
[WhiteElo "2729"]
[BlackElo "2349"]
[PlyCount "63"]
[EventDate "2024.04.16"]
[EventType "swiss (blitz)"]
[EventRounds "11"]
[EventCountry "USA"]
[SourceTitle "CB17_2024"]
[SourceDate "2024.04.24"]
[SourceVersion "1"]
[SourceVersionDate "2024.04.24"]
[SourceQuality "1"]

1. c4 e5 2. Nc3 Bb4 3. Nd5 Be7 4. Nf3 d6 5. d4 Nf6 6. Nxe7 Qxe7 7. e3 0-0 8. Be2 Bf5 9. 0-0 Nc6 10. b3 h6 11. Ba3 Rfe8 12. Rc1 Rad8 13. dxe5 Nxe5 14. Bb2 Nxf3+ 15. Bxf3 c6 16. Qd4 c5 17. Qf4 Be4 18. Bxf6 Qxf6 19. Qxf6 gxf6 20. Bxe4 Rxe4 21. Rfd1 Kf8 22. g3 Ke7 23. Kg2 Ke6 24. Rd3 b6 25. Rcd1 Re5 26. f4 Re4 27. Kf3 f5 28. Rd5 h5 29. h3 b5 30. g4 hxg4+ 31. hxg4 Kf6 32. Rxf5+ 1-0

[Event "Titled Tuesday intern op 16th Apr Early"]
[Site "Chess.com INT"]
[Date "2024.04.16"]
[Round "8"]
[White "Deac, Bogdan Daniel"]
[Black "Hulka, Valentyn"]
[Result "1-0"]
[WhiteElo "2692"]
[BlackElo "2349"]
[PlyCount "85"]
[EventDate "2024.04.16"]
[EventType "swiss (blitz)"]
[EventRounds "11"]
[EventCountry "USA"]
[SourceTitle "CB17_2024"]
[SourceDate "2024.04.24"]
[SourceVersion "1"]
[SourceVersionDate "2024.04.24"]
[SourceQuality "1"]

1. d4 d5 2. c4 e6 3. Nf3 Nf6 4. g3 dxc4 5. Bg2 Nbd7 6. Nfd2 Nb6 7. Nxc4 Nxc4 8. Qa4+ Bd7 9. Qxc4 c5 10. dxc5 Rc8 11. b4 Qc7 12. Nc3 Bc6 13. Nb5 Qd7 14. Bxc6 bxc6 15. Nc3 Be7 16. 0-0 0-0 17. Rd1 Qb7 18. Bf4 a6 19. Bd6 Nd5 20. Bxe7 Nxe7 21. e4 Ng6 22. f4 Rfd8 23. Rd6 Ne7 24. Rad1 Qb8 25. Qxa6 Rxd6 26. cxd6 Ng6 27. Na4 Rd8 28. Qb6 Qa8 29. Nc5 Nf8 30. Qa5 Qb8 31. d7 h5 32. a4 h4 33. e5 hxg3 34. hxg3 g5 35. Kg2 Kg7 36. Qxd8 Qxd8 37. Nb7 Qb6 38. d8Q Qxb7 39. Qxg5+ Ng6 40. Qf6+ Kg8 41. f5 exf5 42. e6 c5+ 43. Kh2 1-0

[Event "Titled Tuesday intern op 16th Apr Early"]
[Site "Chess.com INT"]
[Date "2024.04.16"]
[Round "6"]
[White "Hulka, Valentyn"]
[Black "Gurel, Ediz"]
[Result "1/2-1/2"]
[WhiteElo "2349"]
[BlackElo "2578"]
[PlyCount "87"]
[EventDate "2024.04.16"]
[EventType "swiss (blitz)"]
[EventRounds "11"]
[EventCountry "USA"]
[SourceTitle "CB17_2024"]
[SourceDate "2024.04.24"]
[SourceVersion "1"]
[SourceVersionDate "2024.04.24"]
[SourceQuality "1"]

1. c4 Nf6 2. g3 g6 3. Bg2 Bg7 4. d4 0-0 5. Nc3 d6 6. h3 Nc6 7. Nf3 e5 8. e3 exd4 9. exd4 Re8+ 10. Be3 Nh5 11. Qd2 Bh6 12. Nd1 Bd7 13. 0-0 Bg7 14. Nc3 Nf6 15. Kh2 Ne7 16. Bh6 Nf5 17. Bxg7 Kxg7 18. Rfe1 h5 19. Qf4 Rxe1 20. Rxe1 Qf8 21. Nh4 Nxh4 22. Qxh4 Re8 23. Rxe8 Qxe8 24. Qf4 b6 25. Qe3 Qxe3 26. fxe3 c5 27. Kg1 Be6 28. b3 g5 29. Nb5 d5 30. cxd5 Bxd5 31. Nxa7 c4 32. bxc4 Bxc4 33. a3 Bd5 34. Nc8 Bxg2 35. Kxg2 Nd7 36. g4 hxg4 37. hxg4 Kf6 38. Nd6 Ke6 39. Nf5 f6 40. Kf3 Kd5 41. Ne7+ Ke6 42. Nf5 Kd5 43. Ne7+ Ke6 44. Nf5 1/2-1/2

[Event "Titled Tuesday intern op 06th Feb Early"]
[Site "Chess.com INT"]
[Date "2024.02.06"]
[Round "2"]
[White "Barria Zuniga, Daniel"]
[Black "Hulka, Valentyn"]
[Result "0-1"]
[WhiteElo "2341"]
[BlackElo "2349"]
[PlyCount "64"]
[EventDate "2024.02.06"]
[EventType "swiss (blitz)"]
[EventRounds "11"]
[EventCountry "USA"]
[SourceTitle "CB07_2024"]
[SourceDate "2024.02.14"]
[SourceVersion "1"]
[SourceVersionDate "2024.02.14"]
[SourceQuality "1"]

1. d4 d5 2. c4 e6 3. Nf3 Nf6 4. Bg5 dxc4 5. Qa4+ Nbd7 6. Qxc4 a6 7. Nc3 b5 8. Qb3 c5 9. Rd1 c4 10. Qc2 Bb7 11. a3 h6 12. Bxf6 Nxf6 13. e4 Be7 14. g3 Qa5 15. Rd2 b4 16. axb4 Bxb4 17. d5 exd5 18. e5 Ne4 19. Nd4 Nxc3 20. bxc3 Bxc3 21. Bg2 Bxd4 22. 0-0 Bc3 23. Re2 0-0 24. e6 fxe6 25. Rxe6 Rae8 26. Qg6 Rxe6 27. Qxe6+ Kh8 28. Rb1 Bc8 29. Qd6 Qd8 30. Qc5 Bf6 31. Rb8 c3 32. Bh3 Bxh3 0-1

[Event "Titled Tuesday intern op 06th Feb Early"]
[Site "Chess.com INT"]
[Date "2024.02.06"]
[Round "5"]
[White "Hulka, Valentyn"]
[Black "Taboas Rodriguez, Daniel"]
[Result "1-0"]
[WhiteElo "2349"]
[BlackElo "2360"]
[PlyCount "113"]
[EventDate "2024.02.06"]
[EventType "swiss (blitz)"]
[EventRounds "11"]
[EventCountry "USA"]
[SourceTitle "CB07_2024"]
[SourceDate "2024.02.14"]
[SourceVersion "1"]
[SourceVersionDate "2024.02.14"]
[SourceQuality "1"]

1. d4 Nf6 2. c4 g6 3. Nc3 Bg7 4. e4 d6 5. h3 0-0 6. Be3 Nc6 7. Nf3 e5 8. d5 Nd4 9. Nxd4 exd4 10. Bxd4 Nxe4 11. Nxe4 Qh4 12. Bxg7 Qxe4+ 13. Qe2 Qxe2+ 14. Bxe2 Kxg7 15. Kd2 Re8 16. Rhe1 Bd7 17. Kc3 g5 18. Bg4 f5 19. Bh5 Re5 20. Rxe5 dxe5 21. Be2 Kf6 22. c5 a5 23. Rd1 Re8 24. d6 c6 25. a3 Ra8 26. Bc4 a4 27. Kb4 e4 28. b3 axb3 29. Bxb3 Ke5 30. a4 h5 31. Bc4 h4 32. a5 g4 33. a6 bxa6 34. Ka5 gxh3 35. gxh3 f4 36. Kb6 a5 37. Kc7 Bxh3 38. Kxc6 Rc8+ 39. Kb6 Bd7 40. Bd5 e3 41. fxe3 fxe3 42. Bb7 Rh8 43. Re1 h3 44. Rxe3+ Kd4 45. Re1 h2 46. Rd1+ Ke5 47. Kxa5 Bg4 48. Re1+ Kd4 49. Kb6 Rb8 50. c6 Bf3 51. Kc7 Rh8 52. d7 h1Q 53. Rxh1 Bxh1 54. Kb6 Ke5 55. c7 Rh6+ 56. Ka7 Bxb7 57. Kxb7 1-0

[Event "Sant Boi de Llobregat op 4th"]
[Site "Sant Boi de Llobregat"]
[Date "2023.12.08"]
[Round "9"]
[White "Hulka, Valentyn"]
[Black "Villa Tornero, Alex"]
[Result "1/2-1/2"]
[WhiteElo "2310"]
[BlackElo "2310"]
[PlyCount "40"]
[EventDate "2023.11.30"]
[EventType "swiss"]
[EventRounds "9"]
[EventCountry "ESP"]
[SourceTitle "CB50_2023"]
[SourceDate "2023.12.13"]
[SourceVersion "1"]
[SourceVersionDate "2023.12.13"]
[SourceQuality "1"]

1. Nf3 Nf6 2. c4 e6 3. g3 d5 4. d4 c6 5. Bg2 dxc4 6. Ne5 Be7 7. 0-0 0-0 8. Nxc4 b5 9. Ne5 Bb7 10. a4 a6 11. axb5 axb5 12. Rxa8 Bxa8 13. Nc3 Qb6 14. Bg5 Rd8 15. e3 h6 16. Bxf6 Bxf6 17. Nd3 Na6 18. Ne4 Bxd4 19. exd4 Qxd4 20. Qa1 Bb7 1/2-1/2

[Event "EU-ch U18 31st"]
[Site "Mamaia"]
[Date "2023.09.06"]
[Round "2"]
[White "Hulka, Valentyn"]
[Black "Levin, Guy"]
[Result "1/2-1/2"]
[WhiteElo "2223"]
[BlackElo "2411"]
[PlyCount "72"]
[EventDate "2023.09.05"]
[EventType "swiss"]
[EventRounds "9"]
[EventCountry "ROU"]
[SourceTitle "EXT 2024"]
[Source "ChessBase"]
[SourceDate "2023.10.10"]
[SourceVersion "1"]
[SourceVersionDate "2023.10.10"]
[SourceQuality "1"]

1. d4 d5 2. c4 e6 3. Nf3 Nf6 4. g3 dxc4 5. Bg2 Bb4+ 6. Bd2 a5 7. a3 Bxd2+ 8. Nbxd2 b5 9. b3 cxb3 10. Qxb3 c6 11. 0-0 0-0 12. Rfc1 Bb7 13. Qb2 Qb6 14. Ne5 Rc8 15. Ne4 Nxe4 16. Bxe4 Na6 17. Qd2 Rc7 18. Rab1 Rd8 19. e3 b4 20. Nc4 Qb5 21. axb4 axb4 22. Ra1 Nc5 23. Bc2 g6 24. Qe2 Ba6 25. dxc5 Qxc4 26. Qxc4 Bxc4 27. Rab1 Rb7 28. Bxg6 Ba2 29. Rb2 hxg6 30. Rxa2 e5 31. Rb2 Rd3 32. Rc4 b3 33. Kf1 Ra7 34. Rb4 Ra5 35. Ke2 Rc3 36. R4xb3 Rxb3 1/2-1/2

[Event "Titled Tuesday intern op 29th Aug Early"]
[Site "Chess.com INT"]
[Date "2023.08.29"]
[Round "1"]
[White "Hulka, Valentyn"]
[Black "Senft, Sean"]
[Result "1-0"]
[WhiteElo "2247"]
[BlackElo "2146"]
[PlyCount "115"]
[EventDate "2023.08.29"]
[EventType "swiss (blitz)"]
[EventRounds "11"]
[EventCountry "USA"]
[SourceTitle "EXT 2024"]
[Source "ChessBase"]
[SourceDate "2023.10.10"]
[SourceVersion "1"]
[SourceVersionDate "2023.10.10"]
[SourceQuality "1"]

1. d4 d5 2. c4 c6 3. Nf3 Nf6 4. Nc3 e6 5. g3 Nbd7 6. Bg2 Be7 7. 0-0 0-0 8. Qd3 b6 9. b3 Bb7 10. e4 dxe4 11. Nxe4 Nxe4 12. Qxe4 Nf6 13. Qe2 c5 14. dxc5 Bxc5 15. Bb2 Qe7 16. Rad1 Rad8 17. Rfe1 Rxd1 18. Rxd1 Rd8 19. Rxd8+ Qxd8 20. Qd2 Qxd2 21. Nxd2 Bxg2 22. Kxg2 Nd7 23. f4 Be7 24. Ne4 Kf8 25. Kf3 Nc5 26. Nxc5 Bxc5 27. Be5 a6 28. h3 f6 29. Bc3 Ke7 30. Ke4 h5 31. g4 hxg4 32. hxg4 g6 33. b4 Bd6 34. f5 exf5+ 35. gxf5 g5 36. a3 a5 37. c5 bxc5 38. bxa5 Bc7 39. a6 Bb6 40. Kd5 Kd7 41. Bxf6 g4 42. Be5 Ke7 43. a4 Ba7 44. a5 Kf7 45. Bc7 Ke7 46. Bb6 Bxb6 47. axb6 g3 48. b7 g2 49. b8Q g1Q 50. Qe5+ Kf7 51. Qe6+ Kf8 52. Qf6+ Ke8 53. Qe6+ Kf8 54. Qd6+ Kf7 55. Qxc5 Qd1+ 56. Kc6 Qf3+ 57. Qd5+ Qxd5+ 58. Kxd5 1-0

[Event "Titled Tuesday intern op 29th Aug Early"]
[Site "Chess.com INT"]
[Date "2023.08.29"]
[Round "7"]
[White "Hulka, Valentyn"]
[Black "Taboas Rodriguez, Daniel"]
[Result "1-0"]
[WhiteElo "2247"]
[BlackElo "2368"]
[PlyCount "91"]
[EventDate "2023.08.29"]
[EventType "swiss (blitz)"]
[EventRounds "11"]
[EventCountry "USA"]
[SourceTitle "EXT 2024"]
[Source "ChessBase"]
[SourceDate "2023.10.10"]
[SourceVersion "1"]
[SourceVersionDate "2023.10.10"]
[SourceQuality "1"]

1. d4 Nf6 2. c4 g6 3. Nc3 Bg7 4. e4 d6 5. Nf3 0-0 6. h3 c5 7. Be3 cxd4 8. Nxd4 Nc6 9. Qd2 Bd7 10. f3 Nh5 11. 0-0-0 Ng3 12. Rg1 Qa5 13. Kb1 Rac8 14. Qf2 Nxf1 15. Qxf1 Ne5 16. Nb3 Qa6 17. c5 Nc4 18. Bd4 e5 19. Bf2 Be6 20. Nd5 Bxd5 21. Rxd5 dxc5 22. Nxc5 Qb5 23. b3 Rxc5 24. Bxc5 Nd2+ 25. Rxd2 Qxc5 26. Qc1 Qe3 27. Re1 Qb6 28. Qc4 Bh6 29. Rd7 Bf4 30. Qd5 Qf2 31. Rd1 Qxg2 32. Qd3 Qxh3 33. Rxb7 a5 34. Rd7 a4 35. Rd8 axb3 36. Rxf8+ Kxf8 37. axb3 Kg7 38. b4 h5 39. b5 Qc8 40. Kb2 h4 41. Kb3 h3 42. Qc4 Qb7 43. Qc6 Qa7 44. b6 Qa6 45. Qc5 h2 46. Qb4 1-0

[Event "Titled Tuesday intern op 29th Aug Early"]
[Site "Chess.com INT"]
[Date "2023.08.29"]
[Round "10"]
[White "Palczert, Matyas"]
[Black "Hulka, Valentyn"]
[Result "1-0"]
[WhiteElo "2340"]
[BlackElo "2247"]
[PlyCount "95"]
[EventDate "2023.08.29"]
[EventType "swiss (blitz)"]
[EventRounds "11"]
[EventCountry "USA"]
[SourceTitle "EXT 2024"]
[Source "ChessBase"]
[SourceDate "2023.10.10"]
[SourceVersion "1"]
[SourceVersionDate "2023.10.10"]
[SourceQuality "1"]

1. e4 c5 2. Nf3 Nc6 3. Bb5 Nf6 4. Nc3 g6 5. 0-0 Bg7 6. h3 0-0 7. e5 Ne8 8. Re1 Nc7 9. Bxc6 dxc6 10. d3 Ne6 11. Ne4 b6 12. Be3 Nd4 13. Bxd4 cxd4 14. Qd2 Qd5 15. Qg5 Re8 16. h4 h6 17. Qg3 Bf5 18. h5 g5 19. Nexg5 hxg5 20. Qxg5 Qd7 21. h6 Bg6 22. e6 Qd5 23. exf7+ Kxf7 24. hxg7 Qxg5 25. Nxg5+ Kxg7 26. Ne6+ Kf6 27. Nc7 Rec8 28. Nxa8 Rxa8 29. g4 Bf7 30. Kg2 Bd5+ 31. Kg3 e5 32. f4 exf4+ 33. Kxf4 Rh8 34. Kg3 Kg6 35. Rf1 a5 36. Rae1 a4 37. a3 b5 38. Re5 Rb8 39. g5 b4 40. Rf6+ Kg7 41. Re7+ Kg8 42. axb4 Rxb4 43. Rd6 Rb8 44. g6 Kf8 45. Ra7 Kg8 46. Rdd7 Kf8 47. Kh4 Kg8 48. Kg5 1-0

[Event "Titled Tuesday intern op 22nd Aug Early"]
[Site "Chess.com INT"]
[Date "2023.08.22"]
[Round "5"]
[White "Eynullayev, Altay Elshan"]
[Black "Hulka, Valentyn"]
[Result "0-1"]
[WhiteElo "2214"]
[BlackElo "2247"]
[PlyCount "88"]
[EventDate "2023.08.22"]
[EventType "swiss (blitz)"]
[EventRounds "11"]
[EventCountry "USA"]
[SourceTitle "EXT 2024"]
[Source "ChessBase"]
[SourceDate "2023.10.10"]
[SourceVersion "1"]
[SourceVersionDate "2023.10.10"]
[SourceQuality "1"]

1. d4 d5 2. Bf4 c5 3. e3 Nc6 4. Nf3 cxd4 5. exd4 Bf5 6. Bd3 Bxd3 7. Qxd3 e6 8. 0-0 Bd6 9. Bxd6 Qxd6 10. Nbd2 Nge7 11. c3 0-0 12. Rfe1 Rab8 13. Ne5 Nxe5 14. Rxe5 b5 15. Rae1 b4 16. c4 Nc6 17. Rh5 g6 18. Rh4 dxc4 19. Nxc4 Qd5 20. Ne3 Qb5 21. Qd2 Rbd8 22. Ng4 h5 23. Qh6 Qf5 24. Rxh5 gxh5 25. Nf6+ Qxf6 26. Qxf6 Nxd4 27. Qg5+ Kh7 28. Qxh5+ Kg7 29. Re3 Rd5 30. Rg3+ Kf6 31. Qh4+ Ke5 32. Re3+ Kd6 33. h3 Rg8 34. Kh2 Nf5 35. Qf4+ Kd7 36. Re5 Rd4 37. Re4 Rd5 38. Rxb4 Nd6 39. Ra4 a5 40. Qe3 Rdg5 41. g3 Rd5 42. Qa7+ Kc6 43. Rxa5 Rxa5 44. Qxa5 Rb8 0-1

[Event "Titled Tuesday intern op 22nd Aug Early"]
[Site "Chess.com INT"]
[Date "2023.08.22"]
[Round "11"]
[White "Hulka, Valentyn"]
[Black "Livaic, Leon"]
[Result "0-1"]
[WhiteElo "2247"]
[BlackElo "2558"]
[PlyCount "56"]
[EventDate "2023.08.22"]
[EventType "swiss (blitz)"]
[EventRounds "11"]
[EventCountry "USA"]
[SourceTitle "EXT 2024"]
[Source "ChessBase"]
[SourceDate "2023.10.10"]
[SourceVersion "1"]
[SourceVersionDate "2023.10.10"]
[SourceQuality "1"]

1. e4 e5 2. Nf3 Nc6 3. Bb5 a6 4. Ba4 d6 5. d4 exd4 6. Nxd4 Bd7 7. Bxc6 bxc6 8. Nc3 c5 9. Nf5 g6 10. Ne3 Bg7 11. Ned5 h6 12. Qf3 Nf6 13. Nxf6+ Qxf6 14. Qxf6 Bxf6 15. Nd5 Bd8 16. Bf4 f5 17. 0-0-0 g5 18. Bd2 fxe4 19. h4 gxh4 20. Rde1 0-0 21. Rxe4 Rxf2 22. Bc3 Bg5+ 23. Kb1 Raf8 24. a3 Rxg2 25. Rexh4 Bxh4 26. Rxh4 Rf1+ 27. Ka2 Be6 28. Rh5 Rg5 0-1

[Event "Titled Tuesday intern op 22nd Aug Early"]
[Site "Chess.com INT"]
[Date "2023.08.22"]
[Round "8"]
[White "Hulka, Valentyn"]
[Black "Tabatabaei, Mohammad Amin"]
[Result "1-0"]
[WhiteElo "2247"]
[BlackElo "2696"]
[PlyCount "57"]
[EventDate "2023.08.22"]
[EventType "swiss (blitz)"]
[EventRounds "11"]
[EventCountry "USA"]
[SourceTitle "EXT 2024"]
[Source "ChessBase"]
[SourceDate "2023.10.10"]
[SourceVersion "1"]
[SourceVersionDate "2023.10.10"]
[SourceQuality "1"]

1. e4 c6 2. d4 d5 3. e5 Bf5 4. Nf3 e6 5. Be2 h5 6. 0-0 Nd7 7. c3 Be7 8. Na3 g5 9. Nc2 g4 10. Nfe1 Nh6 11. Ne3 Bg6 12. Bd3 Bg5 13. f4 gxf3 14. Nxf3 Bxe3+ 15. Bxe3 Bxd3 16. Qxd3 Nf5 17. Bg5 Qb6 18. Rf2 Rg8 19. Raf1 Nf8 20. Bf6 Nh7 21. Nh4 Nxf6 22. Nxf5 Ne4 23. Nd6+ Nxd6 24. exd6 0-0-0 25. Rxf7 Qxb2 26. g3 Rxd6 27. Rb1 Qxa2 28. Rfxb7 Rdd8 29. Qh7 1-0

[Event "Speed Chess Q1 Sw"]
[Site "Chess.com INT"]
[Date "2023.08.21"]
[Round "7"]
[White "Hulka, Valentyn"]
[Black "Golubev, Mikhail"]
[Result "0-1"]
[WhiteElo "2247"]
[BlackElo "2461"]
[PlyCount "71"]
[EventDate "2023.08.21"]
[EventType "k.o. (blitz)"]
[EventRounds "14"]
[EventCountry "USA"]
[SourceTitle "CBM 215 Extra"]
[Source "ChessBase"]
[SourceDate "2023.09.30"]
[SourceVersion "1"]
[SourceVersionDate "2023.09.30"]
[SourceQuality "1"]

1. e4 c5 2. Nf3 d6 3. Bb5+ Bd7 4. Bxd7+ Nxd7 5. c4 Ngf6 6. Qe2 Ne5 7. b3 Nxf3+ 8. Qxf3 g6 9. Bb2 Bg7 10. Nc3 0-0 11. 0-0 Nd7 12. Qe2 Ne5 13. f4 Nc6 14. Kh1 e6 15. d3 f5 16. exf5 exf5 17. Nd5 Bxb2 18. Qxb2 Nd4 19. b4 b6 20. Rae1 Rf7 21. Re3 Qh4 22. Rfe1 Raf8 23. a3 h6 24. Qd2 Kh7 25. b5 g5 26. Rh3 Qg4 27. fxg5 f4 28. Nf6+ Rxf6 29. gxf6 Rxf6 30. Qf2 f3 31. Rg3 Qh5 32. Kg1 Ne2+ 33. Kh1 Nxg3+ 34. Qxg3 f2 35. Re7+ Rf7 36. Qf3 0-1

[Event "Speed Chess Q1 Sw"]
[Site "Chess.com INT"]
[Date "2023.08.21"]
[Round "3"]
[White "Hulka, Valentyn"]
[Black "Shimanov, Aleksandr"]
[Result "0-1"]
[WhiteElo "2247"]
[BlackElo "2566"]
[PlyCount "100"]
[EventDate "2023.08.21"]
[EventType "k.o. (blitz)"]
[EventRounds "14"]
[EventCountry "USA"]
[SourceTitle "CBM 215 Extra"]
[Source "ChessBase"]
[SourceDate "2023.09.30"]
[SourceVersion "1"]
[SourceVersionDate "2023.09.30"]
[SourceQuality "1"]

1. e4 c6 2. d4 d5 3. e5 Bf5 4. Nf3 e6 5. Be2 c5 6. c3 Nc6 7. 0-0 Bg6 8. dxc5 Bxc5 9. Nbd2 Nge7 10. Nb3 Bb6 11. Nbd4 0-0 12. Be3 Nf5 13. Nxf5 Bxf5 14. Bxb6 Qxb6 15. Qd2 Bg4 16. Rfe1 Bxf3 17. Bxf3 Rfd8 18. a3 Na5 19. Qe2 Rac8 20. Rab1 Nc4 21. h4 Qc5 22. h5 h6 23. g4 b5 24. Kg2 a5 25. Rbc1 Qe7 26. Rc2 Qg5 27. Kg3 a4 28. Bg2 d4 29. f4 Qe7 30. Be4 Rc7 31. Bd3 Rcd7 32. Qe4 Kf8 33. Qh7 Ke8 34. Bxc4 bxc4 35. Qxg7 dxc3 36. Qg8+ Qf8 37. Qxf8+ Kxf8 38. Rxc3 Rd3+ 39. Re3 Rxe3+ 40. Rxe3 Rd2 41. Rc3 Rxb2 42. Rxc4 Rb3+ 43. Kh4 Rxa3 44. Rc8+ Kg7 45. g5 Ra1 46. Rc7 a3 47. g6 a2 48. Rxf7+ Kg8 49. Ra7 Rh1+ 50. Kg3 a1Q 0-1

[Event "Satu Mare Szabo Memorial IM"]
[Site "Satu Mare"]
[Date "2023.08.18"]
[Round "7"]
[White "Hulka, Valentyn"]
[Black "Butolo, Alexandru Mircea"]
[Result "1-0"]
[WhiteElo "2247"]
[BlackElo "2071"]
[PlyCount "149"]
[EventDate "2023.08.14"]
[EventType "tourn"]
[EventRounds "9"]
[EventCountry "ROU"]
[SourceTitle "CBM 215 Extra"]
[Source "ChessBase"]
[SourceDate "2023.09.30"]
[SourceVersion "1"]
[SourceVersionDate "2023.09.30"]
[SourceQuality "1"]

1. Nf3 Nf6 2. g3 e6 3. Bg2 d5 4. c4 dxc4 5. Qa4+ c6 6. Qxc4 b5 7. Qc2 Bb7 8. a4 b4 9. d4 Be7 10. 0-0 0-0 11. Rd1 Nbd7 12. Ne5 Rc8 13. Bg5 h6 14. Bxf6 Bxf6 15. Nd2 Bxe5 16. dxe5 Qc7 17. f4 Nb6 18. a5 Nd5 19. Qc5 Ba6 20. e4 Qe7 21. Nb3 Qxc5+ 22. Nxc5 Nc7 23. Rd6 Bb5 24. Bf1 Bxf1 25. Kxf1 Nb5 26. Rd7 Rfd8 27. Rad1 Rxd7 28. Rxd7 Kf8 29. Ke2 Ke8 30. Kd3 Rd8 31. Rxd8+ Kxd8 32. Kc4 h5 33. Nb3 Kd7 34. Kxb4 Nc7 35. Kc4 g6 36. Nd2 Na6 37. Nf3 Ke7 38. b4 Nc7 39. Kc5 Kd7 40. Nd4 Na6+ 41. Kc4 Nc7 42. Nb3 Nb5 43. Nc5+ Ke7 44. Nb7 Kd7 45. Kd3 Kc7 46. Nc5 Na3 47. h3 Nb5 48. g4 hxg4 49. hxg4 Kd8 50. Na6 Kd7 51. Kc4 Kc8 52. f5 Na3+ 53. Kd3 Nb5 54. Nc5 Nc7 55. f6 Kb8 56. Kc2 Kc8 57. Kd2 Kb8 58. Kd3 Kc8 59. Kc4 Kb8 60. Kb3 Kc8 61. Ka4 Kb8 62. a6 Na8 63. Kb3 Nb6 64. Kc3 Kc7 65. Kd4 Nd7 66. Nb7 Nb8 67. Nd6 Nxa6 68. Nxf7 Nxb4 69. Nh8 Kd7 70. Nxg6 Ke8 71. Nf4 a5 72. g5 Na6 73. g6 Nc7 74. g7 Kf7 75. Ng6 1-0